Diccionario enciclopédico de teología moral
Guardado en:
| Autores principales: | , |
|---|---|
| Formato: | Libro |
| Lenguaje: | español |
| Publicado: |
Madrid
Paulinas
1980
|
| Edición: | 4a. ed |
| Materias: | |
| Etiquetas: |
Agregar Etiqueta
Sin Etiquetas, Sea el primero en etiquetar este registro!
|
MARC
| LEADER | 00000nam a2200000 a 4500 | ||
|---|---|---|---|
| 001 | UCZ3478 | ||
| 003 | CL-VaPUC | ||
| 008 | 951020e19800000SP |||||||||||||||||spa|d | ||
| 082 | 0 | 4 | |a 241.03 |b ROS |2 21 |
| 100 | 0 | |a Rossi, Leandro |e author |9 347244 | |
| 700 | 0 | |a Valsecchi, Ambrogio |e author |9 347245 | |
| 245 | 1 | 0 | |a Diccionario enciclopédico de teología moral |
| 250 | |a 4a. ed | ||
| 300 | |a 1479 p | ||
| 942 | |c BK | ||
| 945 | |d 19951020 00:00:00 |a aalvarez | ||
| 260 | |a Madrid |b Paulinas |c 1980 | ||
| 650 | 0 | |a Teología moral |9 256617 | |
| 650 | 0 | |a Diccionarios |9 256200 | |
| 650 | 0 | |a Español |9 255372 | |
| 583 | |a last modification |c 19951020 00:00:00 |k Rodrigo Vera | ||
| 999 | |c 239950 |d 239948 | ||
| 952 | |0 0 |1 0 |4 0 |6 241_030000000000000_ROS_1980 |7 0 |8 F |9 251506 |a BIBTEO |b BIBTEO |d 2019-11-18 |i 2020599 |o 241.03 ROS 1980 |p 2020599 |r 2025-01-17 |w 2019-11-18 |y BK_F |k ICR | ||
| 952 | |0 0 |1 0 |4 0 |6 241_030000000000000_ROS_1980 |7 0 |8 F |9 251507 |a BIBTEO |b BIBTEO |d 2019-11-18 |i 2020637 |o 241.03 ROS 1980 |p 2020637 |r 2025-01-17 |w 2019-11-18 |y BK_F |k ICR | ||